|
|
|
|
| LEADER |
01356nam a2200277 a 4500 |
| 001 |
GR-MES14774 |
| 008 |
001102s19uu gr 000 0 gre d |
| 040 |
|
|
|a GrPaTEI
|b gre
|c GR-PaULI
|
| 040 |
|
|
|a GrPaTEI
|b gre
|c GR-PaULI
|
| 041 |
0 |
|
|a gre
|h eng
|
| 044 |
|
|
|b gr
|
| 082 |
|
0 |
|a 368.4
|2 21
|
| 110 |
2 |
|
|a Διεθνές Γραφείον Εργασίας
|
| 245 |
1 |
2 |
|a Η κοινωνική ασφάλεια :
|b Σειρά μαθημάτων εργατικής εκπαιδεύσεως /
|c Διεθνές Γραφείον Εργασίας ; Μετάφρασις Ανδρέου Ψαρά.
|
| 260 |
|
|
|a Αθήναι :
|b [χ.ό],
|c [19--]
|
| 300 |
|
|
|a 166 σ. ;
|c 24 εκ.
|
| 490 |
0 |
|
|a Μαθήματα εργατικής εκπαιδεύσεως
|
| 500 |
|
|
|a Μετάφραση από : Social security.
|
| 504 |
|
|
|a Περιλαμβάνει βιβλιογραφία.
|
| 650 |
|
4 |
|a Κοινωνικές επιστήμες
|x Κοινωνική ασφάλεια
|
| 650 |
|
4 |
|a ΚΟΙΝΩΝΙΚΗ ΑΣΦΑΛΙΣΗ
|
| 700 |
1 |
|
|a Ψαράς, Ανδρέας
|
| 942 |
|
|
|2 ddc
|
| 952 |
|
|
|0 0
|1 0
|2 ddc
|4 0
|6 368_400000000000000_ΔΙΕ
|7 0
|9 272669
|a MSLG
|b MSLG
|c BSC
|d 2021-01-17
|e 24
|f 0
|g 0.00
|l 0
|o 368.4 ΔΙΕ
|p 2420000023236
|r 2021-01-17 00:00:00
|t 1
|w 2021-01-17
|y BK15
|x 20090213 0 ΤΣΑΝΤΑΡΛΙΩΤΗ 1
|x GrPaTEI
|
| 971 |
|
|
|a .b25808230
|b 16-04-20
|c 13-09-16
|
| 999 |
|
|
|c 157736
|d 157736
|